Sabrina Carpenter Songs A-Z - Statistics

General Stats
  • This quiz has been taken 1,750 times
    1,014 since last reset
  • The average score is 14 of 22
Answer Stats
Hint Answer % Correct
E emails i can't send | Espresso | Exhale | Eyes Wide Open
92%
T Take Off All Your Cool | Take On the World | Take You Back | Taste | Tears | Tell Em | That's Not How This Works | The Middle of Starting Over | things i wish you said | Thumbs | Too Young | Tornado Warnings | Tricky | Two Young Hearts
90%
B Bad for Business | Bad Reviews | Bad Time | because i liked a boy | Bed Chem | Best Thing I Got | bet u wanna | Blueberries | Busy Woman | buy me presents
88%
M Manchild | Mirage | Mona Lisa | My Man on Willpower
85%
N Never Getting Laid | No Words | Nobody's Son | Nonsense
82%
P Paris | Perfect Song | Please Please Please | prfct | Pushing 20
77%
S Santa Claus Is Coming To Town | santa doesn't know you like i do | Seamless | Shadows | Sharpest Tool | Sign of the Times | Silver Nights | Skin | skinny dipping | Slim Pickins | Smile | Smoke and Fire | Space | Stand Out | Sue Me | Sugar Talking
77%
G Go Go Juice | Good Graces | Goodbye
74%
D Darling I'm a Mess | decode | Diamonds Are Forever | Don't Smile | Don't Want It Back | Don't Worry I'll Make You Worry | Dumb & Poetic
73%
C Can't Blame a Girl for Trying | cindy lou who | Clouds | Coincidence | Couldn't Make It Any Harder | Cupid
72%
J Juno
72%
F Fall Apart | Fast Times | Feather | Feels Like Loneliness | First Love | Fix Me Up
70%
W We Almost Broke Up Again Last Night | We'll Be Stars | What a Girl Wants | When Did You Get Hot? | White Flag | white xmas | Why | Wildside | WOW
68%
H Hands | Have Yourself a Merry Little Christmas | Hold Tight | Honeymoon Fades | House Tour | how many things | How To Go To Confession
66%
L Let Me Move You | Lie for Love | Lie To Girls | Lonesome | Looking at Me
58%
V Vicious
56%
A A Dream Is a Wish Your Heart Makes/So This Is Love | A Nonsense Christmas | Alien | All We Have Is Love | Almost Love | Already Over
46%
O On My Way | On Purpose | opposite
46%
# 15 Minutes
43%
R Read your Mind | Rescue Me | Right Now | Run and Hide
37%
I I Can't Stop Me | I Knew You Were Trouble | I'll Be Home For Christmas | I'm Fakin | In My Bed | is it new years yet?
26%
Y Your Love's Like | You Need Me Now? | You're A Mean One, Mr. Grinch
15%
No matching quizzes found
Score Distribution
Percent of People with Each Score
Percentile by Number Answered
Your Score History
You have not taken this quiz since the last reset